Visualizzazione normale
Vista MARC
- Gallizio Secondo
di Personal Name
Records bibliografici associati: 1
001 - CONTROL NUMBER
- control field: 9016
003 - CONTROL NUMBER IDENTIFIER
- control field: IT-RoPau
005 - DATE AND TIME OF LATEST TRANSACTION
- control field: 20140113121818.0
008 - FIXED-LENGTH DATA ELEMENTS
- fixed length control field: 140113|| aca||aabn | a|a d
040 ## - CATALOGING SOURCE
- Original cataloging agency: IT-RoPau
- Transcribing agency: IT-RoPau
100 ## - HEADING--PERSONAL NAME
- Personal name: Gallizio Secondo
- Relator term: Autore
- Miscellaneous information: Codice autore SPICS: 14234
670 ## - SOURCE DATA FOUND
- Source citation: Work cat.: (IT-RoPau)102511: Castellazzo Carlo 9012, Cacciatore del bosco (Il)